| 000 | 00795nam a2200241 a 4500 | ||
|---|---|---|---|
| 001 | 11512 | ||
| 003 | BD-RjUL | ||
| 005 | 20211208235134.0 | ||
| 008 | 161120r19511904enka b 001 0 eng | ||
| 035 | _aBD-RjUL)11561 | ||
| 040 |
_aDLC _cDLC _dDLC _dBD-RjUL _beng |
||
| 041 | _aeng | ||
| 082 | 0 | 0 |
_a821 _223 _bBRP 1951 |
| 100 | 1 |
_aBrowning, Elizabeth Barrett _9165663 |
|
| 245 | 1 | 4 |
_aThe poetical works of Elizabeth Barrett Browning : _bwith two prose essays / _cElizabeth Barrett Browning |
| 260 |
_aLondon : _bOxford university press, _cc1904 [ Reprinted 1951] |
||
| 300 |
_aviii, 663 p. ; _c19 cm |
||
| 500 | _aIncludes Index | ||
| 600 |
_aBrowning, Elizabeth Barrett, _y1806-1861 _9165664 |
||
| 650 | 0 |
_aEnglish poetry _935610 |
|
| 650 | 2 |
_aCell separation _xMethods. _935611 |
|
| 942 |
_2ddc _cBK |
||
| 999 |
_c11512 _d11512 |
||